Mathematical Modeling and Computer Simulation (Record no. 23559)
[ view plain ]
| 000 -LEADER | |
|---|---|
| fixed length control field | 00290nam a22000977a 4500 |
| 008 - FIXED-LENGTH DATA ELEMENTS--GENERAL INFORMATION | |
| fixed length control field | 131218b xxu||||| |||| 00| 0 eng d |
| 010 ## - LIBRARY OF CONGRESS CONTROL NUMBER | |
| LC control number | 2004109840 |
| 020 ## - INTERNATIONAL STANDARD BOOK NUMBER | |
| International Standard Book Number | 053438781 |
| Terms of availability | Available |
| 245 ## - TITLE STATEMENT | |
| Title | Mathematical Modeling and Computer Simulation |
| Statement of responsibility, etc. | Maki Daniel |
| 260 ## - PUBLICATION, DISTRIBUTION, ETC. | |
| Place of publication, distribution, etc. | USA |
| Name of publisher, distributor, etc. | Thomson BRook/Cole |
| Date of publication, distribution, etc. | 2006 |
| Withdrawn status | Lost status | Source of classification or shelving scheme | Damaged status | Not for loan | Permanent Location | Current Location | Shelving location | Date acquired | Total Checkouts | Full call number | Barcode | Date last seen | Price effective from | Koha item type |
|---|---|---|---|---|---|---|---|---|---|---|---|---|---|---|
| Central Library (CL) | Central Library (CL) | General Stacks | 12/18/2013 | 511.8MAK | RCMS000622 | 10/07/2022 | 12/18/2013 | Book |
